Generalized Feynman amplitudes
Saved in:
| Hovedforfatter: | |
|---|---|
| Format: | Bog |
| Sprog: | engelsk |
| Udgivet: |
Princeton
Princeton University
1969
|
| Serier: | Annals of Mathematics Studies, 62
|
| Fag: | |
| Tags: |
Tilføj Tag
Ingen Tags, Vær først til at tagge denne postø!
|
MARC
| LEADER | 00000nam a2200000 a 4500 | ||
|---|---|---|---|
| 001 | UCP4341 | ||
| 003 | CL-VaPUC | ||
| 008 | 990724e19690000us |||||||||||||||||eng|d | ||
| 082 | 0 | 4 | |a 530 |b SPE |2 21 |
| 100 | 0 | |a Speer, Eugene R |e author |9 431802 | |
| 245 | 1 | 0 | |a Generalized Feynman amplitudes |
| 300 | |a 120 p | ||
| 942 | |c BK | ||
| 945 | |d 19990724 00:00:00 |a crobeson | ||
| 260 | |a Princeton |b Princeton University |c 1969 | ||
| 600 | 0 | 7 | |a FEYNMAN, RICHARD PHILLIPS |2 CL-VaPUC |9 340476 |
| 650 | 0 | |a Física |9 227844 | |
| 650 | 0 | |a Mecánica cuántica |9 306806 | |
| 650 | 0 | |a Física matemática |9 260981 | |
| 583 | |a last modification |c 20171205 04:51:10 |k Rodrigo Vera | ||
| 490 | 0 | |a Annals of Mathematics Studies, 62 | |
| 999 | |c 282325 |d 282323 | ||